000 01215nam a22002777a 4500
005 20080905121451.0
008 110608t xxu||||| |||| 00| 0 hin d
010 _aHIN-92975
020 _c200.00
_a9788180821054
035 _aHN-65321
037 _bDBAD / PUB
040 _aDPL
_bHN
082 _a822
100 _928442
_aशिव मूरत सिंह
245 _aनिर्मला
_cशिव मूरत सिंह
_bविमर्श सहित नाट्यरूपान्तरित /
246 _aNirmala
_bShiv moorat singh
260 _aदिल्ली
_bविकल्प प्रकाशन
_c2010
270 _a2226/ बी,प्रथम तल गली न. 33,पहला पुस्ता, सोनिया विहार
_bदिल्ली
_e110094
_k9211559886
300 _a142पृ
_c22सेमी (सजिल्द)
650 _928443
_aहिन्दी नाटक
650 _928455
700 _928521
700 _928536
942 _adpl
_cHN
_2ddc
_mशिवमू
_h822
999 _c53017
_d53017